[Event "XXXVII Olimpiadi femminile"]
[Site "Torino ITA"]
[Date "2006.06.02"]
[Round "11.3"]
[White "Berlin, Tatiana"]
[Black "Vasquez Ramirez, Rocio"]
[Result "1-0"]
[WhiteElo "2207"]
[BlackElo "2252"]
[Annotator "BLR-ECU"]
[PlyCount "91"]
[EventDate "2006.05.21"]

1. e4 c5 2. Nf3 e6 3. d3 Nc6 4. g3 d6 5. Bg2 Be7 6. O-O Bf6 7. c3 Nge7 8. Na3
O-O 9. Nc2 d5 10. Qe2 e5 11. Bg5 dxe4 12. dxe4 Bxg5 13. Nxg5 h6 14. Nf3 Be6 15.
Ne3 Qc7 16. Rfd1 Rad8 17. b3 Qa5 18. Qc2 Rxd1+ 19. Rxd1 Rd8 20. Re1 f6 21. Bf1
b5 22. Ra1 a6 23. Qb2 Qb6 24. Ne1 Na5 25. Rc1 Nec6 26. N1g2 Qc7 27. Nh4 Kh7 28.
Qe2 g6 29. Nhg2 c4 30. b4 Nb7 31. Ne1 Nd6 32. Bg2 Ne7 33. N1c2 Ne8 34. Rf1 Rd3
35. Qe1 Qd6 36. Qa1 Rd2 37. a4 Nc7 38. axb5 Nxb5 39. Na3 Qd3 40. Nb1 Re2 41.
Bf3 Rxe3 42. fxe3 Qxe3+ 43. Kg2 Bc8 44. Qa2 Nd6 45. Qa5 Nf7 46. Qc7 1-0

[Event "XXXVII Olimpiadi femminile"]
[Site "Torino ITA"]
[Date "2006.06.02"]
[Round "11.1"]
[White "Jackova, Jana"]
[Black "Repkova, Eva"]
[Result "1/2-1/2"]
[WhiteElo "2389"]
[BlackElo "2346"]
[Annotator "CZE-SVK"]
[PlyCount "43"]
[EventDate "2006.05.21"]

1. e4 e6 2. d4 d5 3. Nc3 Nf6 4. Bg5 Bb4 5. e5 h6 6. Bd2 Bxc3 7. bxc3 Ne4 8. Qg4
Kf8 9. Bd3 Nxd2 10. Kxd2 Qg5+ 11. Qxg5 hxg5 12. Nh3 g4 13. Nf4 c5 14. Be2 Nc6
15. Ke3 Na5 16. Bxg4 Nc4+ 17. Ke2 b6 18. Nd3 Ba6 19. h3 Rc8 20. Rhc1 Na3 21.
Kd2 Ke7 22. dxc5 1/2-1/2

[Event "XXXVII Olimpiadi femminile"]
[Site "Torino ITA"]
[Date "2006.06.02"]
[Round "11.3"]
[White "Blazkova, Petra"]
[Black "Borosova, Zuzana"]
[Result "1/2-1/2"]
[WhiteElo "2242"]
[BlackElo "2210"]
[Annotator "CZE-SVK"]
[PlyCount "110"]
[EventDate "2006.05.21"]

1. e4 e5 2. f4 exf4 3. Bc4 Nf6 4. d3 d5 5. exd5 Nxd5 6. Nf3 Qe7+ 7. Kf1 Ne3+ 8.
Bxe3 fxe3 9. Nc3 Be6 10. Qe2 Bxc4 11. dxc4 c6 12. Re1 Nd7 13. Qxe3 Qxe3 14.
Rxe3+ Be7 15. Kf2 Kf8 16. Rd1 Nb6 17. Re4 f6 18. Nd4 Kf7 19. Ne6 f5 20. Re2
Nxc4 21. Rd7 Kf6 22. Nc7 Bc5+ 23. Ke1 Rag8 24. Ne6 Bb6 25. Rxb7 Nxb2 26. Nf4
Re8 27. Nh5+ Kg6 28. Nxg7 Rxe2+ 29. Nxe2 Nc4 30. Nf4+ Kf6 31. Ngh5+ Ke5 32. Ke2
Nd6 33. Re7+ Kd4 34. Rd7 Re8+ 35. Kd2 Ba5+ 36. c3+ Bxc3+ 37. Kc2 Bb4 38. Ng3
Ke5 39. Nd3+ Ke6 40. Rxa7 Rb8 41. Rxh7 Nc4 42. Nxb4 Rxb4 43. Kc3 c5 44. Rh6+
Ke5 45. Rh4 Ne3 46. Rxb4 cxb4+ 47. Kxb4 f4 48. a4 fxg3 49. hxg3 Kd6 50. Kb5 Kc7
51. Kc5 Nxg2 52. g4 Nh4 53. g5 Kb7 54. Kd5 Ka6 55. Ke5 Nf3+ 1/2-1/2

[Event "XXXVII Olimpiadi femminile"]
[Site "Torino ITA"]
[Date "2006.06.02"]
[Round "11.1"]
[White "Cast, Abigail"]
[Black "Maeckelbergh, Mieke"]
[Result "1/2-1/2"]
[WhiteElo "2116"]
[BlackElo "2026"]
[Annotator "WLS-IBCA"]
[PlyCount "80"]
[EventDate "2006.05.21"]

1. d4 Nf6 2. Nf3 e6 3. Bg5 d5 4. e3 c5 5. c3 Be7 6. Nbd2 O-O 7. Bd3 b6 8. O-O
Ba6 9. Bxa6 Nxa6 10. Ne5 Rc8 11. Qa4 Nb8 12. Qxa7 Nbd7 13. Bxf6 Nxf6 14. Qa4
Qc7 15. f4 Ra8 16. Qd1 b5 17. g4 g6 18. Qe2 c4 19. e4 Qb7 20. exd5 Qxd5 21. Qg2
Qxg2+ 22. Kxg2 Nd5 23. Rf3 Rfc8 24. g5 b4 25. Ndxc4 bxc3 26. bxc3 Ra4 27. Nb2
Ra3 28. Nec4 Rxc3 29. Rxc3 Nxc3 30. a4 Ne2 31. a5 Nxd4 32. Rd1 Nc6 33. Rd7 Kf8
34. Nb6 Rd8 35. N2c4 Rxd7 36. Nxd7+ Ke8 37. Nde5 Na7 38. Kf3 f6 39. gxf6 Bxf6
40. Ke4 Kd8 1/2-1/2

[Event "XXXVII Olimpiadi femminile"]
[Site "Torino ITA"]
[Date "2006.06.02"]
[Round "11.2"]
[White "Stolarczyk, Anna"]
[Black "Wilson, Julie"]
[Result "0-1"]
[WhiteElo "2036"]
[BlackElo "1945"]
[Annotator "WLS-IBCA"]
[PlyCount "68"]
[EventDate "2006.05.21"]

1. d4 Nf6 2. c4 e6 3. Nc3 Bb4 4. Qc2 O-O 5. Bg5 b6 6. a3 Bxc3+ 7. Qxc3 Bb7 8.
Nf3 d6 9. e3 Nbd7 10. Bd3 h6 11. Bh4 c5 12. O-O Qc7 13. Nd2 d5 14. Rac1 Rac8
15. Rfd1 Qc6 16. Bf1 cxd4 17. Qxd4 e5 18. Qc3 Qe6 19. Qb4 a5 20. cxd5 Bxd5 21.
Qb5 Nc5 22. Bxf6 Qxf6 23. b4 axb4 24. axb4 Ne4 25. Rxc8 Qxf2+ 26. Kh1 Rxc8 27.
Qxd5 Nc3 28. Qb7 Rd8 29. Qxb6 Rxd2 30. Rc1 Ne2 31. Bxe2 Rxe2 32. Qd8+ Kh7 33.
Qd3+ g6 34. Rg1 Re1 0-1

[Event "XXXVII Olimpiadi femminile"]
[Site "Torino ITA"]
[Date "2006.06.02"]
[Round "11.1"]
[White "Klinova, Masha"]
[Black "Atalik Polovnikova, Ekaterina"]
[Result "1/2-1/2"]
[WhiteElo "2357"]
[BlackElo "2393"]
[Annotator "ISR-TUR"]
[PlyCount "20"]
[EventDate "2006.05.21"]

1. e4 e5 2. Nf3 Nc6 3. Bb5 a6 4. Bxc6 dxc6 5. d4 exd4 6. Qxd4 Qxd4 7. Nxd4 c5
8. Ne2 Bd7 9. Nbc3 O-O-O 10. Bf4 Bc6 1/2-1/2

[Event "XXXVII Olimpiadi femminile"]
[Site "Torino ITA"]
[Date "2006.06.02"]
[Round "11.2"]
[White "Topel, Zehra"]
[Black "Borsuk, Angela"]
[Result "0-1"]
[WhiteElo "2132"]
[BlackElo "2341"]
[Annotator "ISR-TUR"]
[PlyCount "86"]
[EventDate "2006.05.21"]

1. d4 d6 2. e4 Nf6 3. f3 g6 4. c4 Bg7 5. Nc3 a6 6. Bg5 O-O 7. Qd2 c5 8. d5 Re8
9. Bd3 Nbd7 10. Nh3 Ne5 11. Nf2 Nxd3+ 12. Nxd3 Bd7 13. O-O b5 14. Qe2 h6 15.
Be3 bxc4 16. Nf2 Qb6 17. Rab1 e6 18. Ng4 Nxg4 19. fxg4 Rf8 20. Kh1 Rab8 21.
Qxc4 Qd8 22. Qxa6 exd5 23. exd5 Bxg4 24. Bf4 Rb6 25. Qa7 Bf5 26. Rbe1 Rxb2 27.
Ne4 Rb4 28. Bxd6 Rxe4 29. Bxf8 Rxe1 30. Rxe1 Bxf8 31. Qb7 Qh4 32. g3 Qd4 33. d6
Qxd6 34. Qf3 c4 35. h4 h5 36. a4 Bd7 37. Qc3 Qd5+ 38. Kh2 Bc6 39. Qc2 Bxa4 40.
Qe2 Bd7 41. Rd1 Qe6 42. Qf2 Qh3+ 43. Kg1 Bc6 0-1

[Event "XXXVII Olimpiadi femminile"]
[Site "Torino ITA"]
[Date "2006.06.02"]
[Round "11.1"]
[White "Pourkashiyan, Atousa"]
[Black "Lujan, Carolina Maria"]
[Result "1-0"]
[WhiteElo "2311"]
[BlackElo "2378"]
[Annotator "IRI-ARG"]
[PlyCount "123"]
[EventDate "2006.05.21"]

1. e4 c5 2. Nf3 d6 3. d4 cxd4 4. Nxd4 Nf6 5. Nc3 a6 6. Bc4 e6 7. Bb3 Be7 8. O-O
O-O 9. f4 Nbd7 10. Kh1 Nc5 11. Qf3 Qc7 12. f5 e5 13. Nde2 Nxb3 14. cxb3 b5 15.
Bg5 Bb7 16. Ng3 Kh8 17. Rad1 Ne8 18. f6 Bxf6 19. Bxf6 Nxf6 20. Nf5 Ne8 21. Rd3
f6 22. Qf2 b4 23. Nd5 Bxd5 24. Rxd5 g6 25. Ne3 Rf7 26. Rfd1 Kg7 27. Nc4 Rd8 28.
Qd2 Qb7 29. h3 Rc8 30. Qe3 f5 31. exf5 Rxf5 32. Nxd6 Nxd6 33. Rxd6 Rc7 34. Rb6
Qa7 35. Rdd6 Rcf7 36. Qg3 Qc7 37. Rbc6 Qa7 38. Rb6 Qc7 39. Qe3 Qc2 40. Rxb4
Qxb2 41. Rxa6 Rf1+ 42. Kh2 R1f2 43. Rg4 R2f3 44. Qe4 R3f4 45. Rxf4 exf4 46. Qf3
Qd2 47. Ra4 Qd6 48. Rc4 h5 49. Qc3+ Kh7 50. Rc6 Qe7 51. Rc8 Rg7 52. a4 Qd6 53.
Qf3 Rf7 54. Rc4 Qa6 55. a5 Qa7 56. Qd5 Qf2 57. Qg5 f3 58. Qh4 Qxh4 59. Rxh4 Kg7
60. gxf3 Rxf3 61. Rb4 Kf6 62. a6 1-0

[Event "XXXVII Olimpiadi femminile"]
[Site "Torino ITA"]
[Date "2006.06.02"]
[Round "11.2"]
[White "Zuriel, Marisa"]
[Black "Paridar, Shadi"]
[Result "0-1"]
[WhiteElo "2214"]
[BlackElo "2210"]
[Annotator "IRI-ARG"]
[PlyCount "48"]
[EventDate "2006.05.21"]

1. e4 c5 2. Nf3 Nc6 3. d4 cxd4 4. Nxd4 Qc7 5. Nb5 Qb8 6. Bd3 a6 7. N5c3 e6 8.
O-O Bd6 9. f4 Bc5+ 10. Kh1 d6 11. Qg4 Kf8 12. Nd2 Nf6 13. Qg3 h5 14. Nf3 Nd4
15. e5 Ng4 16. Nh4 Nf5 17. Nxf5 exf5 18. Nd5 Qa7 19. Qh4 Be6 20. Qe7+ Kg8 21.
Nc7 dxe5 22. Qg5 b5 23. Nxe6 fxe6 24. h3 Be7 0-1

[Event "XXXVII Olimpiadi femminile"]
[Site "Torino ITA"]
[Date "2006.06.02"]
[Round "11.3"]
[White "Navabi, Shirin"]
[Black "Burijovich, Liliana"]
[Result "0-1"]
[WhiteElo "2082"]
[BlackElo "2204"]
[Annotator "IRI-ARG"]
[PlyCount "104"]
[EventDate "2006.05.21"]

1. e4 c5 2. Nc3 Nc6 3. g3 g6 4. Bg2 Bg7 5. d3 e6 6. Be3 d6 7. Qd2 Qa5 8. Nf3
Nd4 9. O-O Ne7 10. Ne1 Nec6 11. Nd1 Qa4 12. Nc3 Qa5 13. Nd1 Qa6 14. Bh6 O-O 15.
Bxg7 Kxg7 16. Ne3 Qa5 17. Qxa5 Nxa5 18. c3 Nb5 19. N1c2 Nc6 20. f4 Bd7 21. Rad1
Rad8 22. Nc4 Bc8 23. a4 Nc7 24. d4 cxd4 25. Nxd4 d5 26. exd5 Nxd5 27. Nxc6 bxc6
28. Rfe1 c5 29. a5 f6 30. Rd2 Ba6 31. Na3 Nc7 32. Red1 Rxd2 33. Rxd2 Rf7 34. c4
Re7 35. Bc6 e5 36. fxe5 fxe5 37. Nb5 Ne6 38. Rd5 Kf6 39. Nd6 Nd4 40. Rxc5 Ke6
41. Nb5 Bxb5 42. Bxb5 e4 43. Rd5 Nxb5 44. Rxb5 Rf7 45. Rb3 Ke5 46. Re3 Kd4 47.
Re1 e3 48. c5 Kd3 49. Rd1+ Kc2 50. Rd6 e2 51. Re6 Rf1+ 52. Kg2 e1=Q 0-1

[Event "XXXVII Olimpiadi femminile"]
[Site "Torino ITA"]
[Date "2006.06.02"]
[Round "11.1"]
[White "Petrenko, Svetlana"]
[Black "Aketayeva, Dana"]
[Result "1/2-1/2"]
[WhiteElo "2334"]
[BlackElo "2328"]
[Annotator "MDA-KAZ"]
[PlyCount "92"]
[EventDate "2006.05.21"]

1. e4 e5 2. Nf3 Nc6 3. Bb5 a6 4. Ba4 Nf6 5. Nc3 b5 6. Bb3 Bc5 7. O-O d6 8. h3
h6 9. d3 Na5 10. Be3 Qe7 11. d4 Bb4 12. Nd5 Nxd5 13. exd5 O-O 14. c3 exd4 15.
Bxd4 Nxb3 16. axb3 Bc5 17. Re1 Qd8 18. b4 Bxd4 19. Nxd4 Qg5 20. Qf3 Bb7 21. Nf5
Rfe8 22. Re4 Re5 23. Rxe5 dxe5 24. h4 Qf6 25. Qe4 Rd8 26. Rd1 h5 27. b3 g6 28.
Ng3 Qd6 29. Qe3 Qe7 30. Qa7 Rxd5 31. Rxd5 Bxd5 32. Qxa6 Qd7 33. c4 Bc6 34. cxb5
Bxb5 35. Qf6 Qd1+ 36. Kh2 Qxb3 37. Qxe5 c6 38. Ne4 Qe6 39. Nf6+ Kf8 40. Nh7+
Ke7 41. Qc7+ Qd7 42. Qe5+ Kd8 43. Qb8+ Ke7 44. Qe5+ Qe6 45. Qc7+ Ke8 46. Qb8+
Ke7 1/2-1/2

[Event "XXXVII Olimpiadi femminile"]
[Site "Torino ITA"]
[Date "2006.06.02"]
[Round "11.2"]
[White "Zigangirova, Sofya"]
[Black "Partac, Elena"]
[Result "1-0"]
[WhiteElo "2314"]
[BlackElo "2095"]
[Annotator "MDA-KAZ"]
[PlyCount "99"]
[EventDate "2006.05.21"]

1. e4 c5 2. Nf3 d6 3. d4 cxd4 4. Nxd4 Nf6 5. Nc3 g6 6. Bc4 Bg7 7. O-O Nc6 8.
Nb3 O-O 9. Re1 a6 10. a4 Na5 11. Nxa5 Qxa5 12. Nd5 Nxd5 13. Bxd5 Bg4 14. Qd2
Qc7 15. a5 Bd7 16. c3 Bc6 17. Qd1 e6 18. Bb3 d5 19. exd5 Bxd5 20. Be3 Bc6 21.
Qg4 Rfe8 22. Bb6 Qe7 23. Rad1 Rac8 24. Ba2 Bb5 25. Bd5 Bc6 26. Bxc6 Rxc6 27.
Rd3 h5 28. Qd1 Qg5 29. Ree3 Rc4 30. Rd7 Rg4 31. g3 Qb5 32. b3 Bh6 33. c4 Qb4
34. Red3 Re4 35. Qf3 Re1+ 36. Kg2 Re7 37. Qxb7 Rxd7 38. Qxd7 Rb1 39. Rf3 Qf8
40. c5 Rc1 41. c6 e5 42. Qd5 Qe8 43. c7 Bg5 44. b4 e4 45. Rxf7 Qxf7 46. Qxf7+
Kxf7 47. Bc5 e3 48. c8=Q e2 49. Qd7+ Kg8 50. Qe6+ 1-0

[Event "XXXVII Olimpiadi femminile"]
[Site "Torino ITA"]
[Date "2006.06.02"]
[Round "11.3"]
[White "Agababean, Naira"]
[Black "Dauletova, Gulmira"]
[Result "1/2-1/2"]
[WhiteElo "2200"]
[BlackElo "2144"]
[Annotator "MDA-KAZ"]
[PlyCount "186"]
[EventDate "2006.05.21"]

1. d4 d5 2. Bg5 h6 3. Bh4 c6 4. e3 Qb6 5. Qc1 Bf5 6. Nf3 Nd7 7. Be2 Ngf6 8. O-O
e6 9. Nbd2 Be7 10. c4 O-O 11. c5 Qd8 12. b4 Re8 13. Qb2 Ne4 14. Nxe4 Bxe4 15.
Bxe7 Qxe7 16. Nd2 e5 17. Rfe1 Rad8 18. a4 Qg5 19. Bf1 exd4 20. exd4 Nf6 21. b5
Qh4 22. Qc3 Nh5 23. a5 a6 24. bxa6 bxa6 25. f3 Bf5 26. Rxe8+ Rxe8 27. Bxa6 Nf4
28. g3 Qg5 29. Nf1 Re2 30. Kh1 Bh3 31. Ne3 Rxe3 32. Qxe3 Bg2+ 33. Kg1 Nh3+ 34.
Kxg2 Qxe3 35. Kxh3 Qxd4 36. Ra2 Qxc5 37. Bf1 Qa7 38. a6 c5 39. Bb5 g6 40. Bc6
c4 41. Kg2 d4 42. Bd5 c3 43. Bc4 Kg7 44. h4 Kf6 45. Bd3 Ke5 46. Ra1 Kd6 47. Kf2
Kc5 48. Rb1 c2 49. Rc1 Qe7 50. Rxc2+ Kd6 51. Re2 Qc7 52. Ra2 Qa7 53. Kg2 h5 54.
Rb2 f5 55. Rb7 Qa8 56. Rg7 Kc5 57. Rb7 Kc6 58. Kh3 Qd8 59. Rg7 Kc5 60. Rxg6 Kb4
61. a7 Kc3 62. Ra6 Qa8 63. Bxf5 d3 64. Ra3+ Kb2 65. Rxd3 Qxa7 66. g4 Qg1 67.
gxh5 Qf1+ 68. Kg4 Qg2+ 69. Kf4 Qh2+ 70. Kg5 Qg3+ 71. Kh6 Qe5 72. Bg6 Qh8+ 73.
Kg5 Qe5+ 74. Kg4 Qe6+ 75. Kg3 Qe1+ 76. Kg4 Qe6+ 77. Bf5 Qg8+ 78. Kh3 Qf7 79.
Bg6 Qe6+ 80. Kg3 Qe1+ 81. Kg4 Qe6+ 82. Kf4 Qf6+ 83. Kg3 Qe5+ 84. Kf2 Qh2+ 85.
Ke3 Qe5+ 86. Kd2 Qh2+ 87. Ke3 Qe5+ 88. Be4 Qxh5 89. Rd2+ Kc3 90. Rc2+ Kb3 91.
Rh2 Qc5+ 92. Ke2 Qg1 93. Rf2 Qh1 1/2-1/2

[Event "XXXVII Olimpiadi femminile"]
[Site "Torino ITA"]
[Date "2006.06.02"]
[Round "11.1"]
[White "Yanjindulam, Dulamsuren"]
[Black "Zepeda Cortez, Lorena Marisela"]
[Result "0-1"]
[WhiteElo "2162"]
[BlackElo "2122"]
[Annotator "MGL-ESA"]
[PlyCount "114"]
[EventDate "2006.05.21"]

1. e4 d5 2. exd5 Qxd5 3. Nc3 Qa5 4. d4 c6 5. Nf3 Bg4 6. h3 Bxf3 7. Qxf3 Nf6 8.
Bc4 e6 9. O-O Nbd7 10. Bf4 Be7 11. Rfe1 O-O 12. Rad1 Nb6 13. Bb3 Nbd5 14. Nxd5
cxd5 15. c3 b5 16. a3 Qb6 17. Bc2 a5 18. g4 Rfc8 19. Qd3 g6 20. Ra1 b4 21. axb4
axb4 22. Rxa8 Rxa8 23. c4 dxc4 24. Qxc4 Nd5 25. Be5 Qd8 26. Bb3 Bd6 27. Qc6
Bxe5 28. dxe5 Rc8 29. Qb7 Rc7 30. Qb5 Nf4 31. Qxb4 Nxh3+ 32. Kg2 Ng5 33. Ra1
Qc8 34. Bd1 Rb7 35. Qd4 Qc6+ 36. f3 Rd7 37. Qf4 h6 38. Kg3 Rd3 39. Be2 Rb3 40.
Rd1 Qc7 41. Rd2 Qb7 42. Rd1 Ne4+ 43. Kg2 Rxb2 44. fxe4 Rxe2+ 45. Kf3 Ra2 46.
Rd8+ Kh7 47. Rd3 g5 48. Qc1 Qa7 49. Re3 Ra1 50. Qc4 Qb8 51. Qd4 Qb1 52. Re2
Qh1+ 53. Ke3 Qg1+ 54. Rf2 Ra3+ 55. Ke2 Ra2+ 56. Kf3 Qh1+ 57. Ke3 Qh3+ 0-1

[Event "XXXVII Olimpiadi femminile"]
[Site "Torino ITA"]
[Date "2006.06.02"]
[Round "11.2"]
[White "Castaneda, Ada"]
[Black "Bayaraa, Zorigt"]
[Result "1/2-1/2"]
[WhiteElo "2017"]
[BlackElo "2102"]
[Annotator "MGL-ESA"]
[PlyCount "126"]
[EventDate "2006.05.21"]

1. e4 c5 2. Nf3 d6 3. d3 Nc6 4. g3 g6 5. Bg2 Bg7 6. O-O Nf6 7. c3 O-O 8. Re1
Rb8 9. Nh4 b5 10. f4 Qc7 11. h3 h6 12. Be3 b4 13. d4 Nd7 14. e5 cxd4 15. cxd4
dxe5 16. dxe5 Nd8 17. Nd2 Nb6 18. Rc1 Qd7 19. Qb3 Qe6 20. Qxb4 Bb7 21. Qb3 Nd5
22. Bxa7 Ra8 23. Bf2 g5 24. fxg5 hxg5 25. Nhf3 g4 26. Ng5 Qd7 27. Nde4 Qf5 28.
h4 Ra6 29. Red1 Bxe5 30. Rxd5 Bxd5 31. Qxd5 e6 32. Qb3 f6 33. Rf1 Qg6 34. Nc5
fxg5 35. Nxa6 gxh4 36. gxh4 g3 37. Bc5 Rxf1+ 38. Kxf1 Qb1+ 39. Ke2 Nf7 40. Qxe6
Qxb2+ 41. Kf3 Qb7+ 42. Kg4 Qxg2 43. Qe8+ Kg7 44. Qf8+ Kh7 45. Qxf7+ Bg7 46. Nb4
Qe4+ 47. Qf4 Qg6+ 48. Kf3 Qh5+ 49. Qg4 Qxc5 50. Kxg3 Qg1+ 51. Kf4 Qd4+ 52. Kf3
Qd1+ 53. Kf4 Be5+ 54. Kf5 Qd7+ 55. Kg5 Bf6+ 56. Kf4 Be5+ 57. Kg5 Qd2+ 58. Kf5
Qd7+ 59. Kg5 Bf6+ 60. Kf4 Qd4+ 61. Kf3 Qd1+ 62. Kf4 Qd4+ 63. Kf3 Qd1+ 1/2-1/2

[Event "XXXVII Olimpiadi femminile"]
[Site "Torino ITA"]
[Date "2006.06.02"]
[Round "11.3"]
[White "Ankhchimeg, Bayanmunh"]
[Black "Melendez, Gabriela Maria"]
[Result "1-0"]
[WhiteElo "2252"]
[BlackElo "1883"]
[Annotator "MGL-ESA"]
[PlyCount "73"]
[EventDate "2006.05.21"]

1. e4 e5 2. Nf3 Nc6 3. Bb5 a6 4. Ba4 Nf6 5. O-O b5 6. Bb3 Be7 7. Re1 d6 8. c3
O-O 9. h3 Na5 10. Bc2 c5 11. d4 Qc7 12. Nbd2 cxd4 13. cxd4 Nc4 14. Nf1 Bb7 15.
b3 Nb6 16. Bb2 Nfd7 17. Rc1 Rac8 18. Ne3 Rfe8 19. a4 bxa4 20. bxa4 Qb8 21. Nf5
Bf8 22. Bb3 g6 23. Rxc8 Rxc8 24. Ng5 Nc4 25. Qf3 Nf6 26. Bxc4 Rxc4 27. Ne3 Rc7
28. Qxf6 Qe8 29. h4 Be7 30. Qf3 h6 31. Nh3 exd4 32. Nd5 Bxd5 33. exd5 Qd8 34.
Bxd4 Rc4 35. Qe3 Bf8 36. h5 g5 37. f4 1-0

[Event "XXXVII Olimpiadi femminile"]
[Site "Torino ITA"]
[Date "2006.06.02"]
[Round "11.1"]
[White "Calzetta Ruiz, Monica"]
[Black "Pina Vega, Sulennis"]
[Result "1-0"]
[WhiteElo "2317"]
[BlackElo "2334"]
[Annotator "ESP-CUB"]
[PlyCount "53"]
[EventDate "2006.05.21"]

1. e4 c5 2. Nf3 d6 3. d4 cxd4 4. Nxd4 Nf6 5. Nc3 Nc6 6. Bg5 e6 7. Qd2 a6 8.
O-O-O h6 9. Nxc6 bxc6 10. Bf4 d5 11. Qe3 Be7 12. Be2 Nd7 13. exd5 cxd5 14. h4
Bb7 15. Qg3 Rc8 16. Qxg7 Bf6 17. Qg3 Rxc3 18. bxc3 Qa5 19. Rh3 Qxa2 20. Bd6 Bc6
21. Kd2 Qa5 22. Bb4 Qb6 23. Ra1 Nc5 24. Bxc5 Qxc5 25. Rxa6 Bd7 26. Qf4 Ke7 27.
Rf3 1-0

[Event "XXXVII Olimpiadi femminile"]
[Site "Torino ITA"]
[Date "2006.06.02"]
[Round "11.2"]
[White "Perez Rodriguez, Jennifer"]
[Black "Delgado Crespo, Mairelys"]
[Result "1-0"]
[WhiteElo "2263"]
[BlackElo "2296"]
[Annotator "ESP-CUB"]
[PlyCount "27"]
[EventDate "2006.05.21"]

1. e4 e6 2. d4 d5 3. exd5 exd5 4. c4 Bb4+ 5. Nc3 Ne7 6. Bd3 Nbc6 7. a3 Bxc3+ 8.
bxc3 O-O 9. Nf3 dxc4 10. Bxc4 Nd5 11. O-O Nxc3 12. Qd3 Nd5 13. Ng5 h6 14. Qh7#
1-0

[Event "XXXVII Olimpiadi femminile"]
[Site "Torino ITA"]
[Date "2006.06.02"]
[Round "11.3"]
[White "Hernandez Estevez, Yudania"]
[Black "Arribas Robaina, Maritza"]
[Result "0-1"]
[WhiteElo "2262"]
[BlackElo "2235"]
[Annotator "ESP-CUB"]
[PlyCount "82"]
[EventDate "2006.05.21"]

1. e4 e6 2. d4 d5 3. Nc3 Bb4 4. Nge2 Nf6 5. e5 Nfd7 6. a3 Be7 7. Qd3 O-O 8. Qg3
Kh8 9. h4 c5 10. Bg5 Nc6 11. Bxe7 Qxe7 12. f4 cxd4 13. Nb5 Qc5 14. Qd3 Qb6 15.
Nexd4 a6 16. Nxc6 bxc6 17. Nc3 Qxb2 18. Rb1 Qxa3 19. Rh3 f6 20. h5 fxe5 21. h6
g6 22. fxe5 Rb8 23. Rd1 Qc5 24. Rf3 Bb7 25. Rb1 Rxf3 26. Qxf3 Rf8 27. Qg3 Bc8
28. Be2 Qg1+ 29. Kd2 Qd4+ 30. Bd3 Nxe5 31. Ne2 Nc4+ 32. Ke1 Qf6 33. Bxc4 dxc4
34. Rb8 e5 35. Qe3 Qf1+ 36. Kd2 Rd8+ 37. Kc3 Qa1+ 38. Kb4 Qb2+ 39. Ka4 Qxb8 40.
Qg5 Qd6 41. Nc3 Bf5 0-1

[Event "XXXVII Olimpiadi femminile"]
[Site "Torino ITA"]
[Date "2006.06.02"]
[Round "11.1"]
[White "Titova-Boric, Elena"]
[Black "Mira, Helene"]
[Result "0-1"]
[WhiteElo "2284"]
[BlackElo "2140"]
[Annotator "BIH-AUT"]
[PlyCount "224"]
[EventDate "2006.05.21"]

1. e4 e6 2. Qe2 d5 3. exd5 Qxd5 4. Nc3 Qd8 5. Nf3 Nc6 6. g3 Nf6 7. Bg2 Be7 8.
O-O O-O 9. d3 Re8 10. Rd1 Nd5 11. d4 Nxc3 12. bxc3 Bf6 13. Rb1 Ne7 14. Bg5 Nd5
15. Bxf6 Qxf6 16. Qd2 c5 17. c4 Nb6 18. dxc5 Na4 19. c6 bxc6 20. Nd4 Bd7 21.
Nxc6 Bxc6 22. Bxc6 Nc3 23. Bxe8 Rxe8 24. Qd7 Rf8 25. Qxa7 Nxd1 26. Rxd1 Qf3 27.
Rb1 Qe4 28. Qa4 h5 29. Qb3 Rd8 30. Qc3 h4 31. Re1 Qa8 32. a3 h3 33. f3 Qc6 34.
Kf2 Qc5+ 35. Re3 Rd4 36. Qb4 Qc8 37. Re4 Rd1 38. Re2 Rd4 39. Re4 Rd1 40. c5 Rh1
41. g4 Rxh2+ 42. Kg3 Rxc2 43. Kxh3 Rxc5 44. Rd4 Qc6 45. Qb8+ Kh7 46. Kg3 Rc3
47. Qb1+ g6 48. Qh1+ Kg7 49. g5 Qc7+ 50. Kg4 Qa5 51. Rf4 Qxa3 52. Rd4 Qa5 53.
Rf4 Rc5 54. Qh6+ Kg8 55. Rd4 Rc1 56. Qh2 Qb6 57. Qd2 Rg1+ 58. Kh4 Qb1 59. Qf2
Rh1+ 60. Kg3 Qf5 61. Rg4 e5 62. Qd2 Qb1 63. Qd8+ Kh7 64. Rh4+ Rxh4 65. Kxh4
Qh1+ 66. Kg3 Qg1+ 67. Kh3 Qb1 68. Qe7 Qf5+ 69. Kg3 Qf4+ 70. Kg2 Kg7 71. Qd8 Kh7
72. Qe7 Qd2+ 73. Kg3 Qd5 74. Qf6 Kg8 75. Qe7 Qe6 76. Qd8+ Kg7 77. Qc7 Kh7 78.
Qd8 e4 79. fxe4 Qxe4 80. Qf6 Qe1+ 81. Kg2 Qe4+ 82. Kg3 Qd3+ 83. Kh4 Kg8 84. Qe7
Qc4+ 85. Kg3 Qc8 86. Kh4 Qf8 87. Qd7 Qb4+ 88. Kg3 Qe1+ 89. Kf4 Qf2+ 90. Ke5
Qg3+ 91. Ke4 Qxg5 92. Qc8+ Kg7 93. Qc3+ Qf6 94. Qc7 g5 95. Qa5 Qf4+ 96. Kd3 g4
97. Qa1+ Kg6 98. Qa6+ Kg5 99. Ke2 Qh2+ 100. Ke3 Qg1+ 101. Ke2 Qg2+ 102. Ke1
Qe4+ 103. Kf2 Qf3+ 104. Kg1 Qe3+ 105. Kg2 Qh3+ 106. Kg1 Qg3+ 107. Kh1 Qe5 108.
Qc8 Qd5+ 109. Kg1 g3 110. Qc1+ Kg4 111. Qb1 Qc5+ 112. Kh1 Qh5+ 0-1

[Event "XXXVII Olimpiadi femminile"]
[Site "Torino ITA"]
[Date "2006.06.02"]
[Round "11.2"]
[White "Kopinits, Anna-Christina"]
[Black "Dengler, Dijana"]
[Result "1-0"]
[WhiteElo "2078"]
[BlackElo "2144"]
[Annotator "BIH-AUT"]
[PlyCount "103"]
[EventDate "2006.05.21"]

1. e4 e6 2. d4 d5 3. Nd2 Nf6 4. e5 Nfd7 5. f4 c5 6. c3 b6 7. Ndf3 Ba6 8. Bxa6
Nxa6 9. Ne2 cxd4 10. Nexd4 Nac5 11. O-O g6 12. Kh1 a6 13. g4 Qc7 14. f5 Nxe5
15. fxe6 O-O-O 16. b4 Nxf3 17. Rxf3 Nxe6 18. Nxe6 fxe6 19. Qe2 e5 20. Bg5 Rd7
21. Bf6 Bg7 22. Bxg7 Rxg7 23. Rf6 Kb7 24. b5 axb5 25. Qxb5 Rd8 26. Rd1 Rgd7 27.
a4 Qc5 28. Qe2 d4 29. cxd4 exd4 30. Rb1 Qd5+ 31. Kg1 Rd6 32. Rxd6 Qxd6 33. a5
Ka7 34. Rxb6 Qxb6 35. axb6+ Kxb6 36. Qe7 Rd5 37. Qxh7 Rd6 38. Kf2 Kc5 39. Qc7+
Rc6 40. Qe5+ Kc4 41. Ke2 Kc3 42. Qg3+ Kc4 43. h4 Re6+ 44. Kd2 Kd5 45. h5 gxh5
46. gxh5 Ra6 47. Qg8+ Ke5 48. h6 Rf6 49. Qg3+ Ke4 50. Qh4+ Ke5 51. h7 Ra6 52.
h8=Q+ 1-0

[Event "XXXVII Olimpiadi femminile"]
[Site "Torino ITA"]
[Date "2006.06.02"]
[Round "11.3"]
[White "Dedijer, Mira"]
[Black "Horvath, Maria"]
[Result "0-1"]
[WhiteElo "1987"]
[BlackElo "2057"]
[Annotator "BIH-AUT"]
[PlyCount "106"]
[EventDate "2006.05.21"]

1. d4 e6 2. c4 f5 3. Nc3 Nf6 4. Nf3 d5 5. e3 c6 6. Bd3 Bd6 7. O-O O-O 8. c5 Bc7
9. b4 Ne4 10. Ne2 Nd7 11. b5 e5 12. bxc6 bxc6 13. Qa4 Qf6 14. Rb1 Nexc5 15.
dxc5 Nxc5 16. Qc2 Nxd3 17. Ba3 Re8 18. Qxd3 e4 19. Qd4 Qh6 20. Ng3 exf3 21.
gxf3 f4 22. exf4 Bxf4 23. Bc5 Be5 24. Qa4 Bh3 25. Rfd1 Qf6 26. Rd3 Rab8 27.
Rbd1 Rb2 28. f4 Qxf4 29. Qxf4 Bxf4 30. Bxa7 Rxa2 31. Bd4 g6 32. Rc3 Bd7 33. Kg2
Be5 34. Bxe5 Rxe5 35. Rb1 d4 36. Rf3 c5 37. Rb8+ Re8 38. Rxe8+ Bxe8 39. Kf1
Bb5+ 40. Ke1 c4 41. Ne2 Ra1+ 42. Kd2 c3+ 43. Nxc3 dxc3+ 44. Rxc3 Ra2+ 45. Ke3
Ra4 46. Kf3 Bd7 47. Rd3 Bf5 48. Re3 Rd4 49. Kg2 Kf7 50. Ra3 g5 51. Rc3 Kg6 52.
Ra3 Kh5 53. Rc3 Kh4 0-1

[Event "XXXVII Olimpiadi femminile"]
[Site "Torino ITA"]
[Date "2006.06.02"]
[Round "11.1"]
[White "Umudova, Nargiz"]
[Black "Chelushkina, Irina"]
[Result "1/2-1/2"]
[WhiteElo "2176"]
[BlackElo "2320"]
[Annotator "AZE-SCG"]
[PlyCount "93"]
[EventDate "2006.05.21"]

1. e4 c5 2. Nf3 Nc6 3. Bb5 g6 4. Bxc6 dxc6 5. d3 Bg7 6. h3 b6 7. Nc3 a5 8. a4
e5 9. Be3 Ne7 10. Qd2 h6 11. O-O Be6 12. Ne2 f5 13. Qc3 O-O 14. Nxe5 g5 15. f4
fxe4 16. d4 Nd5 17. Qd2 gxf4 18. Bxf4 Nxf4 19. Rxf4 cxd4 20. Nxc6 Qd6 21. Rxf8+
Rxf8 22. Ncxd4 Bc4 23. Qe3 Qc5 24. c3 Bd3 25. Kh1 Qg5 26. Qxg5 hxg5 27. Kg1 Be5
28. Re1 Rf6 29. g4 e3 30. Nf5 Bxf5 31. gxf5 Rxf5 32. Nd4 Bxd4 33. cxd4 Rd5 34.
Rxe3 Rxd4 35. Re5 Rd1+ 36. Kf2 Kf7 37. Ke2 Rh1 38. Rb5 Rxh3 39. Rxb6 g4 40. Rb5
Kf6 41. Kf2 Rf3+ 42. Kg2 Rf5 43. Kg3 Rxb5 44. axb5 Ke5 45. Kxg4 Kd5 46. Kf4 Kc5
47. Ke4 1/2-1/2